The Strokes Lyrics - One Way Trigger - Statistics

General Stats
  • This quiz has been taken 39 times
  • The average score is 175 of 234
Answer Stats
Lyrics % Correct
a
100%
I
100%
you
100%
You
100%
to
96%
It
93%
it
93%
The
93%
be
89%
But
89%
but
89%
don't
89%
me,
89%
me
89%
your
89%
Find
85%
no
85%
stay
85%
there
85%
asked
81%
down
81%
job
81%
leave
81%
million
81%
of
81%
reasons
81%
that
81%
Out
78%
Settle
78%
Show
78%
show
78%
there's
78%
way
78%
dog
74%
dream
74%
in
74%
It's
74%
Shut
74%
Tell
74%
tell
74%
town
74%
understand
74%
understand?
74%
wanna
74%
home
70%
Please,
70%
please
70%
won't
70%
friend
67%
and
63%
better
63%
just
63%
Get
59%
plan
59%
unafraid
59%
what
59%
for
56%
trigger
56%
wait
56%
with
56%
goes
52%
gone,
48%
gone
48%
isn't
48%
now
48%
(One,
48%
right
48%
you'll
48%
dressed
44%
never
44%
once
44%
see
44%
wish
44%
asleep
41%
bed
41%
Can't
41%
Here
41%
say
41%
she's
41%
someone
41%
three)
41%
two,
41%
While
41%
else's
37%
I'd
37%
hard
33%
point
33%
without
33%
comes
30%
longer
30%
silence
30%
waited
30%
been
26%
nothing
26%
has
22%
lies
22%
loving
22%
summer
22%
brought
19%
either
15%
noticed
15%
thoughts
15%
No matching quizzes found
Score Distribution
Percent of People with Each Score
Percentile by Number Answered
Your Score History
You have not taken this quiz